000 00533cam a2200193 4500
001 D6182
008 090401t1980 xxu||||| |||| 00| 0 eng d
035 _a(Sirsi) u89220
041 _aeng
050 _a692.8
110 _aJoint Contracts Tribunal
_93664
245 _aStandard form of building contract 1980 edition: local authorities without quantities
260 _aLondon
_bRIBA
_c1980
300 _a59p. 30cm
350 _a5.18
520 _aFiled in box JCT 1980/7 A (Archives only)
942 _n0
948 _c04/03/1997
999 _c97435
_d97435